Networking with users : Report of an external review of the UPWARD program 1994- 97
Αποθηκεύτηκε σε:
| Κύριος συγγραφέας: | |
|---|---|
| Μορφή: | Βιβλίο |
| Γλώσσα: | Undetermined |
| Έκδοση: |
[s.l.]
Los Banos and The Hague
1997
|
| Θέματα: | |
| Ετικέτες: |
Προσθήκη ετικέτας
Δεν υπάρχουν, Καταχωρήστε ετικέτα πρώτοι!
|
| Thư viện lưu trữ: | Trung tâm Học liệu Trường Đại học Cần Thơ |
|---|
| LEADER | 00624nam a2200205Ia 4500 | ||
|---|---|---|---|
| 001 | CTU_123040 | ||
| 008 | 210402s9999 xx 000 0 und d | ||
| 082 | |a 630 | ||
| 082 | |b G993 | ||
| 100 | |a Guzman, Ruth | ||
| 245 | 0 | |a Networking with users : | |
| 245 | 0 | |b Report of an external review of the UPWARD program 1994- 97 | |
| 245 | 0 | |c Ruth Guzman, Douglas Horton | |
| 260 | |a [s.l.] | ||
| 260 | |b Los Banos and The Hague | ||
| 260 | |c 1997 | ||
| 650 | |a Agriculture,Developing countries | ||
| 650 | |x Research,Agricultural aspects | ||
| 904 | |i M.Loan, H.Mai | ||
| 980 | |a Trung tâm Học liệu Trường Đại học Cần Thơ | ||